Komentár k zákonu o daniach z príjmov - daň z príjmov právnických osôb; výdavky

Komentár k zákonu o daniach z príjmov. Daň z príjmov právnických osôb; výdavky. Komentár k zmenám a doplnkom vykonaným zákonom č. 173/1998 Z.z., ktoré nadobudnú účinnosť 1.1.1999.

Na minha lista:
Detalhes bibliográficos
Autor principal: Faiglová, Svetlana
Outros Autores: Bieliková, Mária, Pohlod, Ján
Formato: Capítulo de Livro
Idioma:eslovaco
Assuntos:
Tags: Adicionar Tag
Sem tags, seja o primeiro a adicionar uma tag!

MARC

LEADER 00000naa a2200000 4500
001 r033280
005 20230926072816.7
041 0 |a slo 
044 |a SK 
245 1 0 |a Komentár k zákonu o daniach z príjmov - daň z príjmov právnických osôb; výdavky  |c Svetlana Faiglová, Mária Bieliková, Ján Pohlod 
520 |a Komentár k zákonu o daniach z príjmov. Daň z príjmov právnických osôb; výdavky. Komentár k zmenám a doplnkom vykonaným zákonom č. 173/1998 Z.z., ktoré nadobudnú účinnosť 1.1.1999. 
610 2 0 |a dane z príjmov 
610 2 0 |a osoby právnické 
610 2 0 |a daňovníci 
610 2 0 |a výdavky 
610 2 0 |a zákony 
610 2 0 |a Slovensko 
610 2 0 |a 1998 
610 2 0 |a komentáre 
100 1 |a Faiglová, Svetlana 
700 1 |a Bieliková, Mária 
700 1 |a Pohlod, Ján